Foundations of social choice theory /

Bibliographic Details
Corporate Author: Maison des sciences de l'homme (Paris, France)
Other Authors: Elster, Jon, 1940-, Hylland, Aanund
Format: Book
Language:English
Published: Cambridge [Cambridgeshire] ; New York : Olso : Cambridge University Press ; Universitetsforlaget, 1986.
Series:Studies in rationality and social change.
Subjects:

MARC

Tag First Indicator Second Indicator Subfields
LEADER 00000cam a22000008a 4500
001 in00000398513
005 20151012053333.0
008 841218s1986 enk 00100 eng
010 |a  84029248  
020 |a 0521257352 
035 |a (OCoLC)11599635 
035 |9 ABU4043AM 
039 0 |a 2  |b 3  |c 3  |d 3  |e 3 
040 |a DLC  |c DLC  |d TXA  |d UtOrBLW 
049 |a TXAM  |c [A09088191] 
050 0 0 |a HB846.8  |b .F68 1986 
082 0 |a 302/.13  |2 19 
245 0 0 |a Foundations of social choice theory /  |c edited by Jon Elster and Aanund Hylland. 
264 1 |a Cambridge [Cambridgeshire] ;  |a New York :  |b Cambridge University Press ;  |a Olso :  |b Universitetsforlaget,  |c 1986. 
300 |a 250 pages 
336 |a text  |b txt  |2 rdacontent 
337 |a unmediated  |b n  |2 rdamedia 
338 |a volume  |b nc  |2 rdacarrier 
490 1 |a Studies in rationality and social change 
500 |a "Published in collaboration with Maison des sciences de l'homme, Paris." 
500 |a Includes index. 
650 0 |a Social choice. 
700 1 |a Elster, Jon,  |d 1940- 
700 1 |a Hylland, Aanund. 
710 2 |a Maison des sciences de l'homme (Paris, France) 
830 0 |a Studies in rationality and social change. 
999 |a MARS 
999 f f |s 942067cd-7fdb-37fe-b313-f9f935bcb1be  |i 065209ab-0004-3ca6-a6d8-e401e7b14285  |t 0 
952 f f |p normal  |a Texas A&M University  |b College Station  |c Sterling C. Evans Library  |d Evans: Library Stacks  |t 0  |e HB846.8 .F68 1986  |h Library of Congress classification  |i unmediated -- volume  |m A14809088191 
998 f f |a HB846.8 .F68 1986  |t 0  |l Evans: Library Stacks